[Event "Napoli Province-ch"]
[Site "Napoli"]
[Date "2013.12.05"]
[Round "1"]
[White "Parise, Mariano"]
[Black "Di Pascale, Raffaele"]
[Result "1-0"]
[WhiteElo "1645"]
[BlackElo "1443"]
[PlyCount "67"]
[EventDate "2013.12.05"]
[EventType "swiss"]
[EventRounds "7"]
[EventCountry "ITA"]
[SourceTitle "EXT 2015"]
[Source "ChessBase"]
[SourceDate "2014.11.20"]
[SourceVersion "1"]
[SourceVersionDate "2014.11.20"]
[SourceQuality "1"]

1. c4 Nf6 2. d4 d6 3. Nc3 g6 4. e4 Bg7 5. f3 0-0 6. Be3 Nbd7 7. g3 e5 8. Nge2 exd4 9. Nxd4 Re8 10. Qd2 Nf8 11. 0-0-0 Ne6 12. Nde2 Nd7 13. Nd5 Nb6 14. Nec3 Nxd5 15. Nxd5 Bd7 16. Bg2 Bc6 17. Nc3 Qe7 18. h4 h5 19. Bh6 Rad8 20. Bxg7 Kxg7 21. Rde1 Rh8 22. f4 Rdf8 23. Nd5 Bxd5 24. exd5 b6 25. dxe6 fxe6 26. Bh3 Rf6 27. f5 gxf5 28. Qg5+ Kf7 29. Rhf1 Qd7 30. Re4 Rg6 31. Bxf5 Rxg5 32. Bxe6+ Ke7 33. Bxd7+ Kxd7 34. hxg5 1-0

[Event "Napoli Porreca Memorial 3rd"]
[Site "Napoli"]
[Date "2013.10.24"]
[Round "5"]
[White "Parise, Mariano"]
[Black "Tortorella, Edoardo"]
[Result "1-0"]
[WhiteElo "1641"]
[BlackElo "1475"]
[PlyCount "105"]
[EventDate "2013.09.26"]
[EventType "swiss"]
[EventRounds "7"]
[EventCountry "ITA"]
[SourceTitle "EXT 2015"]
[Source "ChessBase"]
[SourceDate "2014.11.20"]
[SourceVersion "1"]
[SourceVersionDate "2014.11.20"]
[SourceQuality "1"]

1. d4 e6 2. e4 d6 3. c4 Nc6 4. Nf3 Be7 5. Nc3 Nf6 6. Bd3 a6 7. Be3 Nb4 8. Bb1 Bd7 9. a3 Nc6 10. Qd3 Ng4 11. Bd2 e5 12. d5 Na7 13. h3 Nf6 14. a4 c6 15. b4 cxd5 16. cxd5 Rc8 17. Be3 Ra8 18. b5 axb5 19. axb5 b6 20. Ra6 Qc8 21. Rxb6 0-0 22. Ba2 Qc7 23. Bc4 Rfc8 24. Nd2 Nxb5 25. Nxb5 Ra1+ 26. Ke2 Bxb5 27. Rxa1 Bxc4 28. Nxc4 Qxc4 29. Qxc4 Rxc4 30. Ra8+ Bf8 31. Rbb8 Nd7 32. Rd8 Rc7 33. Bb6 Rb7 34. Ba5 f6 35. Rac8 Kf7 36. Bc7 Ke7 37. Re8+ Kf7 38. Re6 Nc5 39. Rxf8+ Kxf8 40. Bxd6+ Kf7 41. Bxc5 g5 42. Rc6 h5 43. f3 Rd7 44. Kd3 Kg6 45. g4 h4 46. d6 Kf7 47. Kc4 Ke6 48. Rc7 Rf7 49. Rxf7 Kxf7 50. Kd5 Ke8 51. Ke6 f5 52. exf5 e4 53. fxe4 1-0